| 000 | 00378nam a2200145Ia 4500 | ||
|---|---|---|---|
| 008 | 210210b1971 xxu||||| |||| 00| 0 eng d | ||
| 020 | _a70 135447 | ||
| 082 | _a370.19 SEXS | ||
| 100 | _aSEXTON (Patricia Cayo). | ||
| 245 | _aSchool policy and issues in a changing society. | ||
| 260 |
_aBoston _bAllyn & Bacon _c1971 |
||
| 300 | _a492 | ||
| 690 | _aEducation | ||
| 906 | _a041035 | ||
| 999 |
_c90991 _d90991 |
||